000 01159 a2200265 4500
001 29428
005 20260407155603.0
008 260407a2004 arg spa d
003 AR-UNSa-BCEJYS
040 _aAR-UNSa-BCEJYS
_bspa
_cAR-UNSa-BCEJYS
080 _a004.67*E
_xSistemas para datos numéricos. Sistemas de hoja de cálculo (Excel)
245 1 0 _aMicrosoft Excel para contadores 2004
_pplanillas para la gestión del profesional en Ciencias Económicas
020 _a987-1046-16-2
264 1 _aBuenos Aires :
_bOmicron System
_c2004
300 _a248 p,
_c23 cm.
505 _aParte I: 1. Planillas de administración - 2. Planillas de caja y bancos - 3. Planillas de seguimiento y control - 4. Planillas de análisis -- Parte II: 1. Introducción a Microsoft Excel 2003 - 2. Herramientas avanzadas en Microsoft Excel
041 _aspa
942 _cBK
590 _aniveau_biblio:m niveau_hierar:0
100 1 _aPazos, Alejandro A.
700 1 _aGarcía Fronti, Matías S
650 _aEXCEL
856 4 1 _uhttps://biblioeco.unsa.edu.ar/pmb/images/libros/Excel para contadores2-l86926.jpg
_yImagen de portada
_qimage/jpeg
650 _a excel
999 _c1858
_d1858